2017 NBA Playoffs - Statistics

General Stats
  • This quiz has been taken 33 times
    26 since last reset
  • The average score is 13 of 16
Answer Stats
Seed Team % Correct
1 Celtics
100%
1 Warriors
95%
4 Clippers
91%
2 Cavs
86%
3 Rockets
86%
5 Jazz
82%
7 Pacers
82%
3 Raptors
82%
6 Thunder
82%
6 Bucks
77%
2 Spurs
77%
8 Trail Blazers
77%
4 Wizards
77%
5 Hawks
73%
8 Bulls
68%
7 Grizzlies
68%
No matching quizzes found
Score Distribution
Percent of People with Each Score
Percentile by Number Answered
Your Score History
You have not taken this quiz since the last reset